[Event "Oberliga Nord N 1617"]
[Site "Germany"]
[Date "2016.12.04"]
[Round "3.3"]
[White "Zimmermann, Julian"]
[Black "Jaster, Robert"]
[Result "1/2-1/2"]
[WhiteElo "2294"]
[BlackElo "2273"]
[PlyCount "63"]
[EventDate "2016.10.16"]
[EventType "team-tourn"]
[EventRounds "9"]
[EventCountry "GER"]
[SourceTitle "EXT 2018"]
[Source "ChessBase"]
[SourceDate "2017.10.13"]
[SourceVersion "1"]
[SourceVersionDate "2017.10.13"]
[SourceQuality "1"]
[WhiteTeam "Hamburg Koenigsspringer"]
[BlackTeam "Rostock"]
[WhiteTeamCountry "GER"]
[BlackTeamCountry "GER"]

1. e4 c6 2. d4 d5 3. Nd2 dxe4 4. Nxe4 Bf5 5. Ng3 Bg6 6. Nf3 Nd7 7. h4 h6 8. h5 Bh7 9. Bd3 Bxd3 10. Qxd3 e6 11. Bd2 Ngf6 12. 0-0-0 Be7 13. Ne4 Nxe4 14. Qxe4 Nf6 15. Qe2 Qd5 16. c4 Qe4 17. Qxe4 Nxe4 18. Be3 f5 19. Nd2 Nxd2 20. Rxd2 0-0 21. g3 Rad8 22. Rhd1 a6 23. d5 exd5 24. cxd5 cxd5 25. Rxd5 Rxd5 26. Rxd5 Bg5 27. f4 Bf6 28. b3 Rd8 29. Rxf5 Rd3 30. Bf2 Rf3 31. Be1 Bc3 32. Bxc3 1/2-1/2

[Event "Oberliga Nord N 1617"]
[Site "Germany"]
[Date "2016.11.20"]
[Round "2.4"]
[White "Ramme, Christoph"]
[Black "Jaster, Robert"]
[Result "1/2-1/2"]
[WhiteElo "2146"]
[BlackElo "2273"]
[PlyCount "54"]
[EventDate "2016.10.16"]
[EventType "team-tourn"]
[EventRounds "9"]
[EventCountry "GER"]
[SourceTitle "EXT 2018"]
[Source "ChessBase"]
[SourceDate "2017.10.13"]
[SourceVersion "1"]
[SourceVersionDate "2017.10.13"]
[SourceQuality "1"]
[WhiteTeam "Marmstorf"]
[BlackTeam "Rostock"]
[WhiteTeamCountry "GER"]
[BlackTeamCountry "GER"]

1. e4 c6 2. d4 d5 3. e5 c5 4. dxc5 Nc6 5. Bb5 e6 6. Be3 Nge7 7. c3 Bd7 8. Bxc6 Nxc6 9. f4 g5 10. fxg5 h6 11. Nf3 Qc7 12. g6 fxg6 13. Bd4 g5 14. h3 Bg7 15. Qe2 0-0 16. Na3 a6 17. 0-0 Rf4 18. Rae1 Raf8 19. Qd3 Be8 20. b4 Ne7 21. Nd2 Bg6 22. Qe2 Nc6 23. Rxf4 Rxf4 24. Qe3 Ne7 25. Qe2 Nc6 26. Qe3 Ne7 27. Qe2 Nc6 1/2-1/2

[Event "BL2-Nord 1314"]
[Site "Germany"]
[Date "2014.01.19"]
[Round "5.5"]
[White "Jaster, Robert"]
[Black "Ribic, Kasmir"]
[Result "1/2-1/2"]
[WhiteElo "2329"]
[BlackElo "2282"]
[PlyCount "84"]
[EventDate "2013.10.13"]
[EventType "team-tourn"]
[EventRounds "9"]
[EventCountry "GER"]
[SourceTitle "EXT 2015"]
[Source "ChessBase"]
[SourceDate "2014.11.20"]
[SourceVersion "1"]
[SourceVersionDate "2014.11.20"]
[SourceQuality "1"]
[WhiteTeam "Rostock"]
[BlackTeam "Zehlendorf"]
[WhiteTeamCountry "GER"]
[BlackTeamCountry "GER"]

1. d4 d5 2. c4 c6 3. Nf3 Nf6 4. e3 e6 5. Nc3 Nbd7 6. Qc2 Bd6 7. Bd3 0-0 8. 0-0 Qe7 9. e4 dxc4 10. Bxc4 e5 11. dxe5 Nxe5 12. Be2 Re8 13. Kh1 Ng6 14. Re1 Ng4 15. Kg1 N6e5 16. Nxe5 Qxe5 17. g3 Qh5 18. Bxg4 Bxg4 19. f4 Bc5+ 20. Be3 Rad8 21. Qf2 Bb4 22. Bxa7 Bxc3 23. bxc3 Bf3 24. e5 Rd3 25. Re3 Red8 26. Bd4 Rxe3 27. Qxe3 Bd5 28. Re1 Ra8 29. Qe2 Qh3 30. c4 Be6 31. Rc1 h5 32. Qf2 Ra4 33. Qe2 h4 34. Qg2 Qxg2+ 35. Kxg2 Rxa2+ 36. Bf2 h3+ 37. Kf3 Ra4 38. g4 Bxc4 39. Kg3 Bd5 40. f5 Ra2 41. Bc5 Re2 42. Bd6 Re3+ 1/2-1/2

[Event "BL2-Nord 1314"]
[Site "Germany"]
[Date "2013.12.15"]
[Round "4.6"]
[White "Jaster, Robert"]
[Black "Markgraf, Stefan"]
[Result "1/2-1/2"]
[WhiteElo "2329"]
[BlackElo "2092"]
[PlyCount "88"]
[EventDate "2013.10.13"]
[EventType "team-tourn"]
[EventRounds "9"]
[EventCountry "GER"]
[SourceTitle "EXT 2015"]
[Source "ChessBase"]
[SourceDate "2014.11.20"]
[SourceVersion "1"]
[SourceVersionDate "2014.11.20"]
[SourceQuality "1"]
[WhiteTeam "Rostock"]
[BlackTeam "Goettingen"]
[WhiteTeamCountry "GER"]
[BlackTeamCountry "GER"]

1. d4 e6 2. c4 Nf6 3. g3 Bb4+ 4. Bd2 Be7 5. Bg2 d5 6. Nf3 c6 7. Qc2 Ne4 8. 0-0 0-0 9. Bf4 Nd7 10. Nbd2 f5 11. Ne5 Nxe5 12. Bxe5 Nxd2 13. Qxd2 Bf6 14. Bxf6 Qxf6 15. e3 Rd8 16. cxd5 exd5 17. b4 Qd6 18. Rab1 Bd7 19. Rfc1 a6 20. a4 Rac8 21. Bf1 Kf7 22. Rc5 h6 23. Rbc1 g5 24. Bd3 Rf8 25. b5 b6 26. bxc6 bxc5 27. cxd7 Qxd7 28. Bxa6 Rc7 29. dxc5 Rd8 30. Bb5 Qe7 31. c6 Qe5 32. Rd1 h5 33. Qd4 Qxd4 34. Rxd4 Ke6 35. h4 f4 36. hxg5 fxg3 37. fxg3 Rg8 38. e4 Rxg5 39. exd5+ Kd6 40. Kh2 Rcg7 41. Rd3 Rg4 42. Kh3 Re4 43. Rc3 Rd4 44. c7 Rxc7 1/2-1/2

[Event "BL2-Nord 1011"]
[Site "Germany"]
[Date "2011.02.27"]
[Round "7.5"]
[White "Jaster, Robert"]
[Black "Holzapfel, Daniel"]
[Result "1/2-1/2"]
[WhiteElo "2335"]
[BlackElo "2296"]
[PlyCount "166"]
[EventDate "2010.10.10"]
[EventType "team-tourn"]
[EventRounds "9"]
[EventCountry "GER"]
[SourceTitle "EXT 2012"]
[Source "ChessBase"]
[SourceDate "2011.11.24"]
[SourceVersion "1"]
[SourceVersionDate "2011.11.24"]
[SourceQuality "1"]
[WhiteTeam "Rostock SSC 07"]
[BlackTeam "Kreuzberg"]
[WhiteTeamCountry "GER"]
[BlackTeamCountry "GER"]

1. d4 Nf6 2. c4 e6 3. g3 d5 4. Nf3 Be7 5. Bg2 0-0 6. 0-0 dxc4 7. Qc2 a6 8. a4 Bd7 9. Qxc4 Bc6 10. Bf4 a5 11. Nc3 Na6 12. Ne5 Bxg2 13. Kxg2 Nd5 14. Rad1 Nxf4+ 15. gxf4 Bd6 16. e3 Qh4 17. Qe2 Nb4 18. Kh1 f6 19. Nc4 f5 20. Qf3 b6 21. d5 Qe7 22. dxe6 Rad8 23. Nb5 Qxe6 24. Ncxd6 cxd6 25. Rd2 d5 26. Rfd1 Rd7 27. Nd4 Qe4 28. Kg2 Rc8 29. Ne2 Kf7 30. Nc3 Qxf3+ 31. Kxf3 Ke6 32. h4 Rcd8 33. Nb5 Rc8 34. h5 Kf6 35. Nc3 Ke6 36. Rg1 Kf6 37. Nb5 g6 38. Nd4 Rdc7 39. Rdd1 Rd7 40. hxg6 hxg6 41. Rh1 Nc6 42. Nb5 Ne7 43. Rc1 Rdd8 44. Ke2 Rc5 45. Rxc5 bxc5 46. Rc1 Rc8 47. Nd6 Rc6 48. Nb7 c4 49. Nxa5 Ra6 50. b4 cxb3 51. Nxb3 Rxa4 52. Rc7 Ra2+ 53. Kf3 Rb2 54. Nc5 Rd2 55. Ra7 Rb2 56. Ra6+ Kf7 57. Rd6 Rc2 58. Nd7 Rc7 59. Ne5+ Kg7 60. Kg3 Ra7 61. Kh4 Ra2 62. Re6 Kf8 63. Kg5 Rxf2 64. Nxg6+ Nxg6 65. Kxg6 d4 66. Kxf5 dxe3 67. Rxe3 Kf7 68. Ra3 Rb2 69. Ra7+ Kf8 70. Kg5 Rb5+ 71. f5 Rb6 72. Rh7 Ra6 73. Rd7 Rb6 74. Rd5 Ra6 75. Re5 Rb6 76. Re4 Kf7 77. Rh4 Ra6 78. Rb4 Rc6 79. Rb7+ Kf8 80. Kf4 Ra6 81. Rd7 Ra4+ 82. Ke5 Ra5+ 83. Kf6 Ra6+ 1/2-1/2

[Event "BL2-Nord 1011"]
[Site "Germany"]
[Date "2011.01.16"]
[Round "5.6"]
[White "Lampe, Dirk"]
[Black "Jaster, Robert"]
[Result "0-1"]
[WhiteElo "2262"]
[BlackElo "2335"]
[PlyCount "82"]
[EventDate "2010.10.10"]
[EventType "team-tourn"]
[EventRounds "9"]
[EventCountry "GER"]
[SourceTitle "EXT 2012"]
[Source "ChessBase"]
[SourceDate "2011.11.24"]
[SourceVersion "1"]
[SourceVersionDate "2011.11.24"]
[SourceQuality "1"]
[WhiteTeam "Luebeck"]
[BlackTeam "Rostock SSC 07"]
[WhiteTeamCountry "GER"]
[BlackTeamCountry "GER"]

1. e4 c6 2. d4 d5 3. Nc3 dxe4 4. Nxe4 Nd7 5. Ng5 e6 6. Bd3 Be7 7. N1f3 h6 8. Nxe6 fxe6 9. Bg6+ Kf8 10. 0-0 Ngf6 11. Qe2 Nb6 12. c4 Bd7 13. Bf4 Be8 14. Bxe8 Qxe8 15. Qxe6 Qd7 16. Qe2 g5 17. Be5 Qf5 18. a4 Nbd7 19. c5 Re8 20. b4 Kg7 21. Qc4 g4 22. Nh4 Qh5 23. g3 Nxe5 24. dxe5 Nd5 25. Ng2 Rhf8 26. Rae1 Rf5 27. f4 Qf7 28. Rb1 h5 29. Rb3 Rh8 30. b5 Nc7 31. Qxf7+ Rxf7 32. bxc6 Bxc5+ 33. Kh1 bxc6 34. Rc1 Bb6 35. Rd3 Nd5 36. Nh4 Ne7 37. Rd7 Rd8 38. Rxd8 Bxd8 39. Rd1 Nd5 40. e6 Rf8 41. Ng2 Be7 0-1

[Event "BL2-Nord 1011"]
[Site "Germany"]
[Date "2010.12.12"]
[Round "4.3"]
[White "Muse, Mladen"]
[Black "Jaster, Robert"]
[Result "1-0"]
[WhiteElo "2446"]
[BlackElo "2335"]
[PlyCount "75"]
[EventDate "2010.10.10"]
[EventType "team-tourn"]
[EventRounds "9"]
[EventCountry "GER"]
[SourceTitle "EXT 2012"]
[Source "ChessBase"]
[SourceDate "2011.11.24"]
[SourceVersion "1"]
[SourceVersionDate "2011.11.24"]
[SourceQuality "1"]
[WhiteTeam "Koenig Tegel"]
[BlackTeam "Rostock SSC 07"]
[WhiteTeamCountry "GER"]
[BlackTeamCountry "GER"]

1. Nf3 f5 2. d3 d6 3. e4 e5 4. Nc3 Nf6 5. exf5 Bxf5 6. d4 e4 7. Nh4 Bg4 8. Be2 Bxe2 9. Qxe2 d5 10. Bg5 Bb4 11. Qb5+ Nc6 12. Qxb7 Nxd4 13. 0-0-0 Bxc3 14. bxc3 Rb8 15. Bxf6 gxf6 16. Qa6 Rb6 17. Qa4+ Nc6 18. c4 Qd6 19. Nf5 Qb4 20. Qxb4 Nxb4 21. cxd5 Nxa2+ 22. Kd2 0-0 23. Ra1 Nb4 24. Ra5 Rd8 25. Kc3 Kf8 26. Rd1 a6 27. Rd4 Rdb8 28. Rxe4 c6 29. d6 Nd5+ 30. Kd2 Re8 31. f3 Rd8 32. Rc5 Rb5 33. Rxb5 axb5 34. Kc1 Re8 35. Rh4 Kg8 36. Rg4+ Kh8 37. Nh6 Rf8 38. d7 1-0

[Event "Oberliga Nord N 0910"]
[Site "Germany"]
[Date "2009.11.29"]
[Round "3.4"]
[White "Jaster, Robert"]
[Black "Hueneburg, Christian"]
[Result "1-0"]
[WhiteElo "2074"]
[BlackElo "2242"]
[PlyCount "91"]
[EventDate "2009.10.18"]
[EventType "team-tourn"]
[EventRounds "9"]
[EventCountry "GER"]
[SourceTitle "EXT 2011"]
[Source "ChessBase"]
[SourceDate "2010.11.26"]
[SourceVersion "1"]
[SourceVersionDate "2010.11.26"]
[SourceQuality "1"]
[WhiteTeam "Rostock"]
[BlackTeam "Schwerin"]
[WhiteTeamCountry "GER"]
[BlackTeamCountry "GER"]

1. d4 Nf6 2. c4 g6 3. Nc3 Bg7 4. Nf3 0-0 5. Bf4 d6 6. e3 Na6 7. Be2 c6 8. h3 Bd7 9. 0-0 Nc7 10. b4 b5 11. Qb3 a5 12. cxb5 Nxb5 13. Bxb5 cxb5 14. a3 a4 15. Qa2 Rc8 16. Rac1 h6 17. e4 Qb6 18. e5 dxe5 19. dxe5 Be6 20. exf6 Bxa2 21. fxg7 Kxg7 22. Nxa2 Rxc1 23. Rxc1 Qe6 24. Nc3 Rc8 25. Nd4 Qd7 26. Ndxb5 f6 27. Be3 Qd3 28. Bc5 e5 29. Rd1 Qc2 30. Rd7+ Kg8 31. Kh2 Rxc5 32. bxc5 Qxf2 33. c6 Qf4+ 34. Kg1 Qe3+ 35. Kf1 Qf4+ 36. Ke1 Qc1+ 37. Ke2 Qg1 38. c7 Qxg2+ 39. Kd1 Qf1+ 40. Kd2 Qf4+ 41. Kc2 Qf5+ 42. Rd3 Kh7 43. Nd6 Qf2+ 44. Rd2 Qb6 45. c8Q Qb3+ 46. Kd3 1-0

[Event "Oberliga Nord N 0708"]
[Site "Germany"]
[Date "2008.03.09"]
[Round "7.2"]
[White "Jaster, Robert"]
[Black "Ritscher, Jan Paul"]
[Result "1/2-1/2"]
[WhiteElo "2255"]
[BlackElo "2295"]
[PlyCount "110"]
[EventDate "2007.10.21"]
[EventType "team-tourn"]
[EventRounds "9"]
[EventCountry "GER"]
[SourceTitle "EXT 2009"]
[Source "ChessBase"]
[SourceDate "2008.11.26"]
[SourceVersion "1"]
[SourceVersionDate "2008.11.26"]
[SourceQuality "1"]
[WhiteTeam "Rostock"]
[BlackTeam "Hamburg Schachfreunde"]
[WhiteTeamCountry "GER"]
[BlackTeamCountry "GER"]

1. d4 d5 2. c4 e6 3. Nc3 f5 4. Nf3 Nf6 5. Bf4 c6 6. e3 Be7 7. Be2 0-0 8. 0-0 Ne4 9. Qc2 Nd7 10. Ne5 Bf6 11. Nxd7 Bxd7 12. Nxe4 fxe4 13. f3 Bxd4 14. exd4 Rxf4 15. fxe4 Rxe4 16. Bd3 Rh4 17. Rf3 Qb6 18. c5 Qb4 19. Raf1 Qxd4+ 20. Kh1 e5 21. Bxh7+ Rxh7 22. Qg6 Rh6 23. Qf7+ Kh8 24. Qxd7 Qxc5 25. Qxb7 Rg8 26. b4 Qd6 27. Qxa7 e4 28. Rf4 Qe5 29. h3 e3 30. Qd4 Qxd4 31. Rxd4 Ra8 32. b5 Rxa2 33. bxc6 Rxc6 34. Rxd5 Rg6 35. Rf8+ Kh7 36. Rh5+ Rh6 37. Rxh6+ Kxh6 38. Re8 Ra3 39. Kh2 Kg5 40. Kg3 Kg6 41. Kf3 Kf7 42. Rxe3 Ra8 43. Rb3 Kg8 44. Rb5 Rc8 45. Kf4 Kh7 46. Kg5 Rc3 47. Kh4 Rc4+ 48. Kg3 Rc3+ 49. Kh2 Ra3 50. h4 Ra8 51. Kh3 Ra4 52. g3 Rc4 53. h5 g6 54. hxg6+ Kxg6 55. g4 Rc1 1/2-1/2

[Event "Oberliga Nord N 0506"]
[Site "Germany"]
[Date "2005.11.27"]
[Round "3.5"]
[White "Seidel, Knut"]
[Black "Jaster, Robert"]
[Result "0-1"]
[WhiteElo "2194"]
[BlackElo "2254"]
[PlyCount "92"]
[EventDate "2005.10.23"]
[EventType "team-tourn"]
[EventRounds "9"]
[EventCountry "GER"]
[SourceTitle "EXT 2007"]
[Source "ChessBase"]
[SourceDate "2006.11.23"]
[SourceVersion "1"]
[SourceVersionDate "2006.11.23"]
[SourceQuality "1"]
[WhiteTeam "Hamburg Schachfreunde"]
[BlackTeam "Rostock"]
[WhiteTeamCountry "GER"]
[BlackTeamCountry "GER"]

1. d4 f5 2. c4 Nf6 3. Nc3 d6 4. Nf3 g6 5. g3 Bg7 6. Bg2 0-0 7. 0-0 Qe8 8. d5 a5 9. Nb5 Na6 10. Nfd4 Bd7 11. Bf4 c6 12. Nc3 Nc5 13. Qd2 Nfe4 14. Nxe4 Nxe4 15. Bxe4 fxe4 16. Bh6 cxd5 17. Bxg7 Kxg7 18. cxd5 Qf7 19. Nb3 a4 20. Qd4+ Qf6 21. Qxf6+ Rxf6 22. Nd2 Rf5 23. Nxe4 Rxd5 24. Rac1 Bc6 25. Rc2 a3 26. b3 Re5 27. Nc3 Rc5 28. Rcc1 b5 29. f3 b4 30. Nb1 Bb5 31. Rxc5 dxc5 32. Rc1 Bxe2 33. Kf2 Bd3 34. Nd2 Rc8 35. Ke3 Ba6 36. Nc4 Bxc4 37. Rxc4 Kf6 38. Rf4+ Ke6 39. Re4+ Kd6 40. Kd3 Rf8 41. Ke2 Rf5 42. Rg4 Re5+ 43. Kd2 Rd5+ 44. Ke2 e5 45. h4 Rd4 46. Rg5 c4 0-1

[Event "Oberliga Nord N 0405"]
[Site "Germany"]
[Date "2004.12.12"]
[Round "4.4"]
[White "Wobbe, Sven"]
[Black "Jaster, Robert"]
[Result "0-1"]
[WhiteElo "2184"]
[BlackElo "2233"]
[PlyCount "97"]
[EventDate "2004.10.24"]
[EventType "team-tourn"]
[EventRounds "9"]
[EventCountry "GER"]
[SourceTitle "EXT 2006"]
[Source "ChessBase"]
[SourceDate "2005.11.24"]
[SourceVersion "1"]
[SourceVersionDate "2005.11.24"]
[SourceQuality "1"]
[WhiteTeam "Glinde"]
[BlackTeam "Rostock Polizei"]
[WhiteTeamCountry "GER"]
[BlackTeamCountry "GER"]

1. e4 c6 2. d4 d5 3. Nc3 dxe4 4. Nxe4 Nd7 5. Nf3 Ngf6 6. Nxf6+ Nxf6 7. Bc4 Bf5 8. 0-0 e6 9. Re1 Be7 10. c3 0-0 11. Bf4 Nd5 12. Bg3 Nb6 13. Bb3 c5 14. Qe2 Qc8 15. dxc5 Bxc5 16. Rad1 Rd8 17. Ne5 Rxd1 18. Rxd1 Qe8 19. Qf3 Qe7 20. h3 Rc8 21. Rd2 h6 22. Qd1 Qg5 23. Kh2 Be4 24. f4 Qf6 25. Qe2 Qf5 26. Nd7 Nxd7 27. Rxd7 Bc6 28. Bc2 Qf6 29. Rd1 Rd8 30. Qe5 Rxd1 31. Bxd1 Qxe5 32. fxe5 b5 33. Bf3 Bxf3 34. gxf3 Kh7 35. Kg2 Kg6 36. f4 Kf5 37. Kf3 g5 38. b3 gxf4 39. Bxf4 h5 40. Bg3 Bb6 41. c4 bxc4 42. bxc4 Bd4 43. Be1 Bxe5 44. Bf2 Bb8 45. c5 Bc7 46. c6 a6 47. a4 e5 48. Ba7 e4+ 49. Ke3 0-1

[Event "Oberliga Nord N 0405"]
[Site "Germany"]
[Date "2004.11.14"]
[Round "2.4"]
[White "Frohberg, Marco"]
[Black "Jaster, Robert"]
[Result "0-1"]
[WhiteElo "2204"]
[BlackElo "2233"]
[PlyCount "62"]
[EventDate "2004.10.24"]
[EventType "team-tourn"]
[EventRounds "9"]
[EventCountry "GER"]
[SourceTitle "EXT 2006"]
[Source "ChessBase"]
[SourceDate "2005.11.24"]
[SourceVersion "1"]
[SourceVersionDate "2005.11.24"]
[SourceQuality "1"]
[WhiteTeam "Luebeck II"]
[BlackTeam "Rostock Polizei"]
[WhiteTeamCountry "GER"]
[BlackTeamCountry "GER"]

1. Nf3 f5 2. g3 Nf6 3. Bg2 g6 4. 0-0 Bg7 5. c4 d6 6. d4 0-0 7. Nc3 Qe8 8. b3 c6 9. Re1 Na6 10. Bb2 Rb8 11. a4 Nb4 12. a5 b5 13. axb6 axb6 14. Qd2 c5 15. d5 h6 16. Ra7 Rf7 17. Rea1 g5 18. Ne1 f4 19. gxf4 gxf4 20. Nd3 Nxd3 21. Qxd3 Ng4 22. Qg6 Ne5 23. Qe4 f3 24. exf3 Bf5 25. Qe3 Nd3 26. R1a2 Bd4 27. Qxh6 Nxb2 28. Qg5+ Kf8 29. Rxb2 Bxc3 30. Re2 Bd7 31. f4 Ra8 0-1